000
00340nam a2200133Ia 4500
008
230411s9999 xx 000 0 und d
041
_a
eng
082
_a
X/891/KAD/B01766
100
_a
Kadwadkar V V
245
_a
Sarthak
260
_b
Maharshi Karve Stree Shikshan Samstha
_a
Pune
_c
2004
300
_a
108p
999
_c
153009
_d
153009